| 000 | 01553nam a22002657a 4500 | ||
|---|---|---|---|
| 999 |
_c22100 _d22100 |
||
| 003 | AR-CdUCM | ||
| 008 | 190425b ||||| |||| 00| 0 spa d | ||
| 040 |
_aMUNICIPALIDAD PROVINCIAL DEL CUSCO _cBIBLIOTECA MUNICIPAL DEL CUSCO |
||
| 082 | _aParlante/N°109/2011 | ||
| 110 |
_aCentro Guamán Poma de Ayala _920511 |
||
| 245 |
_aParlante : _bRevista del Cusco / |
||
| 260 |
_aCusco : _bCentro de Educación y Comunicación Guamán Poma de Ayala, _c2011. |
||
| 300 |
_a32 páginas. : _bilustraciones ; _c30 cm. |
||
| 440 |
_aParlante revista del Cusco. _nAño 26, N°109, noviembre 2011. _947444 |
||
| 505 | _aContenido: Entrevista al congresista Jaime Delgado. los transgénicos son un peligro para la biodiversidad. -- Primer encuentro de municipalidades del gran Sur hacia las asociaciones regionales municipales. Igor Elorrieta. -- Municipalidades entre el secreto y la transparencia. Juan Galiano. -- Papa ayllu parque de la papa. Juan Galiano. -- Héroes del bicentenario. -- La exitosa experiencia de la asociación de vecinos de Kantupata en San Blas, vecinos unidos en la gestión de los residuos. Rossana Vera Alarcón. -- El arte de los Estrada joyas de madera. Luis Nieto Degregori. | ||
| 650 |
_aActualidad y política _947410 |
||
| 650 |
_aCentro Histórico Cusco _946767 |
||
| 650 |
_aEducación, cultura y deportes _947422 |
||
| 650 |
_aMedio ambiente _947423 |
||
| 700 |
_aNieto Degregori, Luis _96534 |
||
| 700 |
_aGaliano Román, Juan _947435 |
||
| 710 |
_aCentro Guamán Poma de Ayala _920511 |
||
| 942 |
_2ddc _cPP |
||
| 945 | _avhl | ||